<?xml version="1.0" encoding="UTF-8"?>
<record
    xmlns:xsi="http://www.w3.org/2001/XMLSchema-instance"
    xsi:schemaLocation="http://www.loc.gov/MARC21/slim http://www.loc.gov/standards/marcxml/schema/MARC21slim.xsd"
    xmlns="http://www.loc.gov/MARC21/slim">

  <leader>03762nam a2200577Ia 4500</leader>
  <controlfield tag="001">642</controlfield>
  <controlfield tag="008">241029s9999    xx            000 0 und d</controlfield>
  <datafield tag="010" ind1=" " ind2=" ">
    <subfield code="a">582</subfield>
  </datafield>
  <datafield tag="041" ind1=" " ind2=" ">
    <subfield code="a">Espa&#xF1;ol</subfield>
  </datafield>
  <datafield tag="082" ind1=" " ind2=" ">
    <subfield code="a">NO APLICA</subfield>
  </datafield>
  <datafield tag="245" ind1=" " ind2="0">
    <subfield code="a">Contribuci&#xF3;n a la preparaci&#xF3;n pedag&#xF3;gica de los docentes del 1er. Grado del Nivel Medio para la ense&#xF1;anza de Geograf&#xED;a Universal en el Liceo Librado Eugenio Belliard y el Colegio Francisco Bueno Zapata; Distrito Educativo 09-03. A&#xF1;o 2012- 2013.</subfield>
  </datafield>
  <datafield tag="260" ind1=" " ind2=" ">
    <subfield code="a">Valverde</subfield>
  </datafield>
  <datafield tag="300" ind1=" " ind2=" ">
    <subfield code="a">79</subfield>
  </datafield>
  <datafield tag="520" ind1=" " ind2=" ">
    <subfield code="a">9</subfield>
  </datafield>
  <datafield tag="630" ind1=" " ind2=" ">
    <subfield code="a">Docentes</subfield>
  </datafield>
  <datafield tag="630" ind1=" " ind2=" ">
    <subfield code="a">Ense&#xF1;anza</subfield>
  </datafield>
  <datafield tag="630" ind1=" " ind2=" ">
    <subfield code="a">Estrategia</subfield>
  </datafield>
  <datafield tag="630" ind1=" " ind2=" ">
    <subfield code="a">Pedagog&#xED;a</subfield>
  </datafield>
  <datafield tag="630" ind1=" " ind2=" ">
    <subfield code="a">Sistema</subfield>
  </datafield>
  <datafield tag="650" ind1=" " ind2=" ">
    <subfield code="a">Gesti&#xF3;n Educativa</subfield>
  </datafield>
  <datafield tag="690" ind1=" " ind2=" ">
    <subfield code="a">Elaborado</subfield>
  </datafield>
  <datafield tag="700" ind1=" " ind2=" ">
    <subfield code="e">asesor</subfield>
    <subfield code="a">Budu&#xE9;n S., In&#xE9;s del C.</subfield>
  </datafield>
  <datafield tag="700" ind1=" " ind2=" ">
    <subfield code="e">autor</subfield>
    <subfield code="a">Faf&#xE1;n , W&#xE1;scar Bladimir</subfield>
  </datafield>
  <datafield tag="700" ind1=" " ind2=" ">
    <subfield code="e">autor</subfield>
    <subfield code="a">Pacheco Santana , Yoselin </subfield>
  </datafield>
  <datafield tag="901" ind1=" " ind2=" ">
    <subfield code="a">{"1":"Faf&#xE1;n ","2":"Pacheco Santana "}</subfield>
    <subfield code="b">{"1":"W&#xE1;scar Bladimir","2":"Yoselin "}</subfield>
  </datafield>
  <datafield tag="902" ind1=" " ind2=" ">
    <subfield code="a">1</subfield>
  </datafield>
  <datafield tag="903" ind1=" " ind2=" ">
    <subfield code="a">{"1":"Budu&#xE9;n S."}</subfield>
    <subfield code="b">{"1":"In&#xE9;s del C."}</subfield>
  </datafield>
  <datafield tag="904" ind1=" " ind2=" ">
    <subfield code="a">Maestr&#xED;a en</subfield>
  </datafield>
  <datafield tag="905" ind1=" " ind2=" ">
    <subfield code="a">Gesti&#xF3;n de Centros Educativos</subfield>
  </datafield>
  <datafield tag="906" ind1=" " ind2=" ">
    <subfield code="a">2</subfield>
  </datafield>
  <datafield tag="907" ind1=" " ind2=" ">
    <subfield code="a">NO APLICA</subfield>
  </datafield>
  <datafield tag="908" ind1=" " ind2=" ">
    <subfield code="a">NO APLICA</subfield>
  </datafield>
  <datafield tag="909" ind1=" " ind2=" ">
    <subfield code="a">Universidad Aut&#xF3;noma de Santo Domingo (UASD)</subfield>
  </datafield>
  <datafield tag="910" ind1=" " ind2=" ">
    <subfield code="a">NULL</subfield>
    <subfield code="b">NULL</subfield>
  </datafield>
  <datafield tag="911" ind1=" " ind2=" ">
    <subfield code="a">["1"]</subfield>
  </datafield>
  <datafield tag="912" ind1=" " ind2=" ">
    <subfield code="a">NO APLICA</subfield>
  </datafield>
  <datafield tag="913" ind1=" " ind2=" ">
    <subfield code="a">NULL</subfield>
  </datafield>
  <datafield tag="914" ind1=" " ind2=" ">
    <subfield code="a">01 de Abril de 2013</subfield>
  </datafield>
  <datafield tag="915" ind1=" " ind2=" ">
    <subfield code="a">22/11/19 10:11</subfield>
  </datafield>
  <datafield tag="916" ind1=" " ind2=" ">
    <subfield code="a">NULL</subfield>
  </datafield>
  <datafield tag="917" ind1=" " ind2=" ">
    <subfield code="a">NULL</subfield>
  </datafield>
  <datafield tag="918" ind1=" " ind2=" ">
    <subfield code="a">NO APLICA</subfield>
  </datafield>
  <datafield tag="919" ind1=" " ind2=" ">
    <subfield code="a">["70","202","92","153","226"]</subfield>
  </datafield>
  <datafield tag="520" ind1=" " ind2=" ">
    <subfield code="a">Los objetivos principales del estudio consistieron en dise&#xF1;ar un sistema de acciones que contribuya a la preparaci&#xF3;n pedag&#xF3;gica de los docentes del 1er. Grado en el Nivel Medio para la Ense&#xF1;anza de Geograf&#xED;a Universal en el Liceo Librado Eugenio Belliard, y el Colegio Francisco Bueno Zapata Distrito Educativo 09-03 del Municipio de Sabaneta, Santiago Rodr&#xED;guez y determinar los aspectos que se deben tomar en cuenta en la estrategia pedag&#xF3;gica para contribuir a la preparaci&#xF3;n pedag&#xF3;gica de los docentes del 1er. Grado en el Nivel Medio para la ense&#xF1;anza de Geograf&#xED;a Universal.&#xA0;La metodolog&#xED;a utilizada fue guiada por el m&#xE9;todo hist&#xF3;rico-l&#xF3;gico, se fundament&#xF3; en el an&#xE1;lisis y la s&#xED;ntesis y como t&#xE9;cnicas utiliz&#xF3; la encuesta, la observaci&#xF3;n y las entrevistas a especialistas.Se trabaj&#xF3; con una poblaci&#xF3;n de siete (7) docentes, siete (7) especialistas y ciento ochenta y tres (183) estudiantes. Como muestra se tom&#xF3; la totalidad de la poblaci&#xF3;n.El estudio concluy&#xF3;, que el 86% de los docentes conocen los elementos did&#xE1;cticos para impartir la asignatura de Geograf&#xED;a Universal y el 14% no lo conoce. Probablemente se deba a que los docentes hayan sido instruidos con diferentes esquemas de planeaci&#xF3;n, el 70% de los docentes encuestados respondi&#xF3; que trabaja en grupo, (29%) expresaron que no. El 100% de los docentes, manifestaron que tienen habilidades para facilitar el trabajo con el grupo, dato que se contradice, con las observaciones que se realizaron, ya que se evidenci&#xF3;, que no poseen habilidades para facilitar el trabajo, los docentes tienen habilidades para comunicarse con los estudiantes para un 86% y 1 docente tiene dificultad para comunicarse 14%.&#xA0;El estudio recomend&#xF3;, que el T&#xE9;cnico Distrital del &#xE1;rea de Ciencias Sociales, tome en cuenta la propuesta de los talleres planteados en esta investigaci&#xF3;n, acerca de la ense&#xF1;anza de la Geograf&#xED;a Universal 1er. Grado del Nivel Medio. Adem&#xE1;s, que el equipo de gesti&#xF3;n del Centro, despu&#xE9;s de aplicados los talleres, debe dar seguimiento al trabajo pedag&#xF3;gico de los docente en el &#xE1;rea de Geograf&#xED;a.</subfield>
  </datafield>
  <datafield tag="921" ind1=" " ind2=" ">
    <subfield code="a">16</subfield>
  </datafield>
  <datafield tag="922" ind1=" " ind2=" ">
    <subfield code="a">16</subfield>
  </datafield>
  <datafield tag="923" ind1=" " ind2=" ">
    <subfield code="a">0</subfield>
  </datafield>
  <datafield tag="924" ind1=" " ind2=" ">
    <subfield code="a">NO APLICA</subfield>
  </datafield>
  <datafield tag="942" ind1=" " ind2=" ">
    <subfield code="c">Tesis</subfield>
  </datafield>
  <datafield tag="999" ind1=" " ind2=" ">
    <subfield code="c">582</subfield>
    <subfield code="d">582</subfield>
  </datafield>
</record>
